Φορτώνει......

Sampling methods for consuses & surveys

Λεπτομέρειες βιβλιογραφικής εγγραφής
Κύριος συγγραφέας: Yates, F
Μορφή: Printed Book
Γλώσσα:Undetermined
English
Έκδοση: London Charles Greffin & Company 1981
Έκδοση:4
Θέματα:
LEADER 00562nam a2200181Ia 4500
008 140306s9999 xx 000 0 und d
041 |a eng 
082 |a 519  |b YAT/SA 
100 |a Yates, F 
245 |a Sampling methods for consuses & surveys 
250 |a 4 
260 |a London  |b Charles Greffin & Company  |c 1981 
300 |a 458 
650 |a Probability 
650 |a Statistics 
942 |2 ddc  |c BK 
999 |c 118772  |d 118772 
952 |0 0  |1 0  |2 ddc  |4 0  |6 519_000000000000000_YATSA  |7 0  |9 117842  |a KAUHCV  |b KAUHCV  |d 2004-05-04  |o 519 YAT/SA  |p KAU_HCV-18716  |r 2014-03-22  |w 2014-03-22  |y BK